000 01096nam a2200313Ia 4500
005 20210727153358.0
008 161108s2010 c a g 000 f s
020 _a9789588639116
100 1 _aEco, Umberto
_d1932-2016
245 1 3 _aEl cementerio de Praga
_cUmberto Eco ; traducción de Helena Lozano Miralles
250 _aPrimera edición
300 _a587 páginas
_bilustraciones en blanco y negro
_c21 cm
490 _aFutura
500 _aIncluye referencias iconográficas y datos biográficos del autor
534 _tIl cimitero di praga
650 1 4 _2LEMB
_aNovela italiana
_ySiglo XX
650 1 4 _2LEMB
_aLiteratura italiana
_ySiglo XX
650 1 4 _2LEMB
_aDetectives en la literatura
650 1 4 _2LEMB
_aIntriga en la literatura
650 1 4 _2LEMB
_aPolítica en la literatura
700 1 _aLozano Miralles, Helena
_etraductora
942 _2loc
_cBKLIT
264 _aBogotá
_bLumen
_c2010
336 _atexto
_btxt
_2rdacontent
337 _asin mediación
_bn
_2rdamedia
338 _avolumen
_bnc
_2rdacarrier
040 _aCO-BoRNBP
_bspa
_erda
_cCO-BoRNBP
084 _aN ECO1
999 _c7005
_d7005